000 00737nam a2200289Ia 4500
005 20260324123132.0
008 008 260324s9999 xx 000 0 eng d
020 _a9780429251399
037 _aEBOOK
040 _aCRL
040 _beng
040 _cCRL
041 _2eng
041 _aeng
084 _qCRL
100 _aDavid Elizandro; Hamdy Taha
_91169157
245 0 _aPerformance Evaluation of Industrial Systems
245 0 _bDiscrete Event Simulation in Using Excel/VBA, Second Edition
260 _bTaylor and Francis
260 _c2012
365 _a
365 _b255
856 _uhttp://www.taylorfrancis.com/books/9780429251399
942 _cEBOOK
999 _c1762418
_d1762418